Score 0/26 Timer 06:00
0 Plays Today
% Correct
Jupiter
98.8%
Uranus
98.5%
Neptune
98.3%
Vanilla
96.3%
Chocolate
96.1%
Strawberry
95.4%
Michigan
91.6%
Erie
91.6%
Yemen
89.9%
Posh
89.8%
Qatar
88.7%
Huron
88.1%
Thanksgiving
84.9%
% Correct
Labor Day
84.9%
Zeta
84.1%
Independence Day
84.1%
Oman
83.3%
Baby
82.8%
Ginger
81%
Kappa
79.4%
Water
70.5%
Air
70.1%
Fire
69.7%
Xi
63.2%
Dorothy
60.8%
Rose
59%
Come Together.
Have Fun.
All Virtual.
We all need to come together. Play Sporcle's virtual live trivia to have fun, connect with people, and get your trivia on. Join a live hosted trivia game for your favorite pub trivia experience done virtually. If a virtual private party is more your thing, go here for details.

You're not logged in!

Compare scores with friends on all Sporcle quizzes.
OR
Log In

Sporcle TV

Today on Sporcle TV


Watch our educational content, quiz creation guides, and fun videos on Sporcle TV.

Show Comments

Extras

Top Quizzes Today


Score Distribution

Paid Content

Your Account Isn't Verified!

In order to create a playlist on Sporcle, you need to verify the email address you used during registration. Go to your Sporcle Settings to finish the process.

Report this User

Report this user for behavior that violates our Community Guidelines.

Details: